000 00406nam a2200157 i 4500
001 97231
003 ES-MaACL
005 20230906182049.0
007 t|
008 050708s1921 fr ||||1| fre d
100 1 _aMaran, René.
_976299
245 1 0 _aBatonala
_b: veritable roman negre /
_cRené Maran.
260 _aParis :
_bGambart,
_c1921.
300 _a90 p. ;
_c19 cm.
852 _aES-MaACL
_jF-12151
999 _c97231
_d97231